Les temps modernes
Đã lưu trong:
| 主要作者: | |
|---|---|
| 格式: | 圖書 |
| 語言: | Undetermined |
| 出版: |
Paris
Garanciere
1964
|
| 主題: | |
| 標簽: |
添加標簽
沒有標簽, 成為第一個標記此記錄!
|
| Thư viện lưu trữ: | Trung tâm Học liệu Trường Đại học Cần Thơ |
|---|
| LEADER | 00431nam a2200169Ia 4500 | ||
|---|---|---|---|
| 001 | CTU_79162 | ||
| 008 | 210402s9999 xx 000 0 und d | ||
| 082 | |a 909.08 | ||
| 082 | |b S251 | ||
| 100 | |a Sartre, Jean-Paul | ||
| 245 | 0 | |a Les temps modernes | |
| 245 | 0 | |c Jean-Paul Sartre | |
| 260 | |a Paris | ||
| 260 | |b Garanciere | ||
| 260 | |c 1964 | ||
| 650 | |a Modern history | ||
| 980 | |a Trung tâm Học liệu Trường Đại học Cần Thơ | ||